000 00721nam a2200253Ia 4500
003 OSt
005 20220918223935.0
006 a|||||r|||| 00| 0
007 ta
008 220917b |||||||| |||| 00| 0 eng d
024 _a225,856
037 _cTextual
040 _aARTS
_cARTS
_beng
041 _2eng
_aeng
082 _aYxM58:g, P5
100 _aFish Jonathan S
_9146913
245 0 _aDefending the Durkheimian tradition
_b Religion, emotion and morality
260 _aAldershot
_bAshgate USA
_c2005
300 _aviii, 207p.
_ccm.
490 _aRethinking classical sociology
650 _aSOCIOLOGY
942 _hYxM58:g, P5
_cTEXL
_2CC
999 _c279790
_d279790